00964nam a2200253 a 4500001001000000003000900010005001700019007000300036008004100039040002500080082001900105100002500124245004300149246003100192260006000223300002800283590002800311910000700339942001400346952010900360952011000469952011400579999001700693000022299DO-SdBNP20230203074710.0ta100922s2004 dr a 001 0 spa d aDO-SdBNPbspacBNPHU axxxxbN9252221 aNouel, Carmen94606110aMenú para 60 días /cCarmen Nouel.13aMenú para sesenta días aSanto Domingo :bInstituto Técnico Salesiano (ITESA). a158 p. :bil. ;c22 cm. aInventariado, 2023 / DG aDG 2ddccLBS1 0010718PDaPDbPDcCTd2010-09-22iLF1l0oxxxx p22299-10r2020-06-25w2020-06-25yLFPDZNo se presta 00107-18PDaPDbPDcOId2010-09-22iLF1l0oxxxx p22300-10r2020-06-25w2020-06-25yLFPDZNo se presta 00102ddc56708DSaBNPHUbBNPHUcCTd2023-02-03l0oxxxx N925p2023-0589r2023-02-03te.3w2023-02-03yLBS1 c21797d21797